000 00709cam a22002411 4500
001 7774
003 BD-RjUL
005 20211208234454.0
008 140115s1961 nyua 000 0 eng d
035 _a(BD-RjUL)7818
040 _aDLC
_cDLC
_dDLC
_d(BD-RjUL)
_beng
041 _aeng
082 0 0 _a925.1
_bTUG
100 1 _aTurnbull, H. W.
_q(Herbert Westren),
_d1885-1961.
_921511
245 0 4 _aThe great mathematicians /
_cTurnbull, H. W.
260 _aNew York,
_bNew York University Press,
_c1961.
300 _a141 p. :
_billus. ;
_c22 cm.
650 0 _aMathematicians
_xBiography.
_924238
650 0 _aMathematics
_xHistory.
_918820
942 _2ddc
_cBK
999 _c7774
_d7774